| 000 | 00000nas 2200000zi 4500 |
| 001 | 9.931437 |
| 003 | CaOODSP |
| 005 | 20240116131849 |
| 006 | m o d f |
| 007 | cr ||||||||||| |
| 008 | 231213d20202022bccwr p o f0###b0fre|d |
| 040 | |aCaOODSP|bfre|erda|cCaOODSP |
| 041 | |aeng|afre |
| 043 | |an-cn--- |
| 086 | 1 |aIu85-14-PDF |
| 110 | 2 |aDestination Canada.|eauteur,|eorganisme de publication. |
| 245 | 10|aDestination Canada weekly COVID-19 resident sentiment = |bSondage hebdomadaire de Destination Canada sur l'opinion des résidents quant à la situation liée à la COVID-19. |
| 246 | 31|aSondage hebdomadaire de Destination Canada sur l'opinion des résidents quant à la situation liée à la COVID-19 |
| 264 | 1|a[Vancouver] : |bDestination Canada, |c[2020-2022] |
| 310 | |aHebdomadaire |
| 336 | |atexte|btxt|2rdacontent/fre |
| 337 | |ainformatique|bc|2rdamedia/fre |
| 338 | |aressource en ligne|bcr|2rdacarrier/fre |
| 362 | 1 |aParaît depuis : 2020/05/11; ne paraît plus après: 2022/04/05. |
| 546 | |aTexte en anglais et en français. |
| 588 | |aDescription d'après : 2020/05/11. |
| 588 | |aDernière livraison consultée : 2022/04/05. |
| 610 | 26|aDestination Canada |vPériodiques. |
| 650 | 6|aCOVID-19|zCanada|xOpinion publique|vPériodiques. |
| 650 | 6|aVoyage|xAspect sanitaire|zCanada|vPériodiques. |
| 655 | 7|aPériodiques|2rvmgf |
| 785 | 00|tDestination Canada monthly COVID-19 resident sentiment = |w(CaOODSP)9.931456 |
| 791 | |tDestination Canada weekly COVID-19 resident sentiment = |eeng|w(CaOODSP)9.931422 |